Brand Sins Quiz Stats

Quiz not verified by Sporcle

Also try: The Seven Quiz
Challenge
Share
Tweet
Embed
Score 0/112 Timer 08:00
0 Plays Today
Brand % Correct
Nestle
85.7%
Apple
71.4%
Pepsi
71.4%
Apple (iPhone 7)
71.4%
Pepsi (Again)
71.4%
Coca-Cola
57.1%
McDonald's
57.1%
Starbucks
57.1%
Nintendo
57.1%
Microsoft
57.1%
Samsung
57.1%
Facebook
42.9%
Taco Bell
42.9%
Nike
42.9%
EA
42.9%
ESPN
42.9%
Sony
42.9%
Calvin Klein
42.9%
Playstation
42.9%
Burger King
42.9%
Vine
42.9%
Xbox
42.9%
Walmart
42.9%
Pizza Hut
42.9%
Lego
42.9%
Red Bull
42.9%
eBay
42.9%
Toyota
42.9%
Kraft
42.9%
General Mills
42.9%
WWE
42.9%
Chipotle
42.9%
Dunkin' Donuts
42.9%
Student Loans
28.6%
Fashion Magazines
28.6%
Youtube
28.6%
American Airlines
28.6%
Beats by Dre
28.6%
Brand % Correct
Uber
28.6%
Super Bowl
28.6%
Netflix
28.6%
KFC
28.6%
Gillette
28.6%
BBC
28.6%
GUCCI
28.6%
Kelloggs
28.6%
Marvel
28.6%
Comcast
28.6%
DC Comics
28.6%
Walt Disney World
28.6%
Youtube (Again)
28.6%
Donald Trump
28.6%
Amazon
28.6%
Subway
28.6%
Marilyn Manson
28.6%
MTV
28.6%
Kanye West
28.6%
HBO
28.6%
H&M
28.6%
Playboy
28.6%
JC Penny
28.6%
NYPD
28.6%
Butterball
28.6%
Gap
28.6%
The Secret Service
28.6%
Johnson & Johnson
28.6%
Fox News
28.6%
Time Warner Cable
28.6%
CVS
28.6%
Veteran Affairs
28.6%
Bank of America
28.6%
The Oscars
28.6%
Brand Sins
28.6%
Fiverr
28.6%
Sprint
28.6%
United Airlines
28.6%
Brand % Correct
Hummer
28.6%
Whole Foods Market
25%
Snapchat
20%
Fidget Spinners
16.7%
European Union
0%
Monsanto
0%
Hot Dogs
0%
Hatchimals
0%
iPod Shuffle
0%
Musical.ly
0%
Domino's
0%
Victoria's Secret
0%
Adidas
0%
Gatorade
0%
4th Gen Macbook pro
0%
Hoverboards
0%
UFC
0%
The Sims
0%
Buzzfeed
0%
Ikea
0%
Aldi
0%
Lays
0%
Marlboro
0%
Nintendo Switch
0%
Monster Energy
0%
Wendy's
0%
Starbucks
0%
Carnival
0%
Dairy Queen
0%
TSA
0%
Santa Claus
0%
2017
0%
2017 pt 2
0%
Instagram
0%
Target
0%
Twitter
0%

You're not logged in!

Compare scores with friends on all Sporcle quizzes.
Sign Up with Email
OR
Log In

You Might Also Like...

Show Comments

Extras

Top Quizzes Today


Score Distribution

Your Account Isn't Verified!

In order to create a playlist on Sporcle, you need to verify the email address you used during registration. Go to your Sporcle Settings to finish the process.